Normal view
MARC view
Entry Personal Name
001 - CONTROL NUMBER
- control field: 40454
003 - CONTROL NUMBER IDENTIFIER
- control field: ARRUPE
005 - DATE AND TIME OF LATEST TRANSACTION
- control field: 20180309085111.0
008 - FIXED-LENGTH DATA ELEMENTS
- fixed length control field: 180309|| aca||aabn | a|a d
040 ## - CATALOGING SOURCE
- Original cataloging agency: ARRUPE
- Transcribing agency: ARRUPE
100 ## - HEADING--PERSONAL NAME
- Personal name: Wellington Nyangoni
670 ## - SOURCE DATA FOUND
- Source citation: Work cat.: (ARRUPE)10269: Nyangoni, Wellington 40453, African nationalism in Zimbabwe /, 1977